|
|
|
|
| LEADER |
00799nab a2200193 i 4500 |
| 001 |
misc7528 |
| 005 |
20191106144155.0 |
| 008 |
170607s1899 hu o 0|| hun d |
| 022 |
|
|
|a 0025-0260
|
| 040 |
|
|
|a SZTE Miscellanea Repozitórium
|b hun
|
| 041 |
|
|
|a hun
|
| 100 |
1 |
|
|a Téri József
|
| 245 |
1 |
0 |
|a Arbeitshygienie der Schule auf Grund von Ermüdungsmessungen, von Dr. Ferdinand Kemsies
|h [elektronikus dokumentum] :
|b [könyvismertetés] /
|c Téri József
|
| 260 |
|
|
|c 1899
|
| 300 |
|
|
|a 391-392
|
| 490 |
0 |
|
|a Magyar pedagógia : a Magyar Tudományos Akadémia Pedagógiai Bizottságának folyóirata
|v 8
|
| 695 |
|
|
|a Gyermekpszichológia könyvismertetés, Gyermekek túlterhelése
|
| 700 |
0 |
1 |
|a Kemsies Ferdinand
|
| 856 |
4 |
0 |
|u http://misc.bibl.u-szeged.hu/7528/1/mp_1899_0621_391-392.pdf
|z Dokumentum-elérés
|